| 000 | 01712nam a2200265 a 4500 | ||
|---|---|---|---|
| 001 | 000027786 | ||
| 003 | DO-SdBNP | ||
| 005 | 20230209101637.0 | ||
| 007 | ta | ||
| 008 | 110404s1999 xxu 000 0 spa d | ||
| 040 |
_aDO-SdBNP _bspa _cBNPHU |
||
| 082 |
_a323 _bO68i _222 |
||
| 110 |
_aOrganización de los Estados Americanos. _bComisión Interamericana de Derechos Humanos _983092 |
||
| 245 | 0 | 0 | _aInforme sobre la situación de los derechos humanos en República Dominicana. |
| 260 |
_aWashington : _bSecretaría General, Organización de los Estados Americanos, _c1999. |
||
| 300 |
_aviii, 120 p. ; _c28 cm. |
||
| 500 | _aOEA/Ser.L/V/II.104, doc. 49 rev. 1, 7 octubre 1999, original: español. | ||
| 505 | _aIntroducción 9|Antecedentes 11|Organización Político-Jurídica de la República Dominicana 21|Derecho al Recurso Judicial y la Administración de Justicia en la República Dominicana 31|El Derecho a la Vida en la República Dominicana 41|Derecho a la Integridad Personal en la República Dominicana 49|Derecho a la Libertad Personal 57|Derecho a la Libertad de Pensamiento y Expresión 67|Condiciones de los Centros Penitenciarios y la situación de los prisioneros 71|Situación de los trabajadores migrantes haitianos y sus familias en la República Dominicana 85|Situación de la mujer en la República Dominicana 97|Situación de los menores en la República Dominicana 107|Conclusiones y recomendaciones 115|Anexos 125 | ||
| 590 | _aInventariado, 2023 / DG | ||
| 650 |
_aDERECHOS CIVILES _xREPUBLICA DOMINICANA _983093 |
||
| 650 |
_aDERECHOS HUMANOS _zREPUBLICA DOMINICANA _912374 |
||
| 710 | 2 |
_aComisión Interamericana de Derechos Humanos _954857 |
|
| 910 | _aDH | ||
| 942 |
_2ddc _cLBS1 |
||
| 999 |
_c27278 _d27278 |
||